00658 2200217 4500001002100000005001500021035002000036245008200056100001800138250001800156300004900174856002800223700004500251260003100296082000800327084001400335020002200349600001800371008004100389990001000430INLIS00000000114746420260407103049 a0010-02260010841 aDORA THE EXPLORER :bMenjadi Peri /cPenulis; Edith Natasha, Windrati Hapsari0 aEdith Natasha aEdisi Pertama a47 halaman :bilustrasi ;c20,9x26cmekertas aPerpustakaan Keliling 10 aPenulis; Edith Natasha, Windrati Hapsari aJakarta :bErlangga,c2015 a397 a397 EDI d a978-602-252-583-7 4aBuku Mewarnai260407 0  a//001